Malaysian women and the law: (Record no. 2784)

MARC details
000 -LEADER
fixed length control field 008220000a22002530004500
003 - CONTROL NUMBER IDENTIFIER
control field LK-CoMWRAF
005 - DATE AND TIME OF LATEST TRANSACTION
control field 20231010141023.0
008 - FIXED-LENGTH DATA ELEMENTS--GENERAL INFORMATION
fixed length control field 230817t1998 ||||| |||| 00| 0 eng d
020 ## - INTERNATIONAL STANDARD BOOK NUMBER
International Standard Book Number 9834004907
040 ## - CATALOGING SOURCE
Original cataloging agency LK-CoMWRAF
Modifying agency LK-CoMWRAF
Description conventions LK-CoMWRAF
041 ## - LANGUAGE CODE
Language code of text/sound track or separate title English
082 ## - DEWEY DECIMAL CLASSIFICATION NUMBER
Classification number 305.42
Item number MAL
942 ## - ADDED ENTRY ELEMENTS (KOHA)
Koha item type Books
700 ## - ADDED ENTRY--PERSONAL NAME
Personal name Lim, Kah Cheng
Relator Term compiler
700 ## - ADDED ENTRY--PERSONAL NAME
Personal name Oon, Petra
Relator Term compiler
700 ## - ADDED ENTRY--PERSONAL NAME
Personal name Yuslinov Ahmad
Relator Term compiler
700 ## - ADDED ENTRY--PERSONAL NAME
Personal name Devaraj, Prema E
Relator Term editor
245 ## - TITLE STATEMENT
Title Malaysian women and the law:
Remainder of title rights, discriminations and reform
260 ## - PUBLICATION, DISTRIBUTION, ETC. (IMPRINT)
Place of publication, distribution, etc. Pulay Pinang:
Name of publisher, distributor, etc. NCWO,
Date of publication, distribution, etc. [1998]
300 ## - PHYSICAL DESCRIPTION
Extent 89 p. ; 21 cm.
Other physical details Bibliography included
650 ## - SUBJECT ADDED ENTRY--TOPICAL TERM
Topical term or geographic name as entry element WOMEN- Legal status, laws, etc. -- Malaysia
650 ## - SUBJECT ADDED ENTRY--TOPICAL TERM
Topical term or geographic name as entry element Women's rights -- Malaysia
650 ## - SUBJECT ADDED ENTRY--TOPICAL TERM
Topical term or geographic name as entry element Sex discrimination against women -- Law and legislation -- Malaysia
Holdings
Withdrawn status Lost status Damaged status Not for loan Permanent Location Current Location Date acquired Full call number Barcode Koha item type
        Resource center, Muslim Women's Research And Action Forum Resource center, Muslim Women's Research And Action Forum 2023-08-17 305.42 MAL RAF1700 Books
        Resource center, Muslim Women's Research And Action Forum Resource center, Muslim Women's Research And Action Forum 2023-10-10 305.42 MAL RAF1702 Books

Copyright © 2023 Muslim Women's Research and Action Forum (MWRAF), No 27/3, Anderson Road, Kalubowila, Dehiwela. Funded by The Asia Fundation